| 000 | 01212nam a22001697a 4500 | ||
|---|---|---|---|
| 003 | OSt | ||
| 005 | 20170105102939.0 | ||
| 040 | _a0 | ||
| 082 |
_a954.035 _bZAK 2015 |
||
| 100 | _aZakaria, Anam | ||
| 245 |
_aThe footprints of partition _bnarratives of four generations of Pakistanis and Indians _cAnam Zakaria |
||
| 260 |
_aUttar Pradesh, India _bHarperCollins Publishers India _c2015 |
||
| 300 |
_ax, 248 p _c22 cm |
||
| 505 | _aBlurred lines : Naseer Ashiq -- The bus that did not stop : Muhammad Rauf -- Tea at no-man's land : Tina Vachani -- Uneasy come, uneasy go : Shireen and Amy -- Sustaining old bonds : Malik Siddiqui -- Letting go : Roshan Ara -- At home in enemy country : Mr. and Mrs. Intikhab Alam -- A daughter fulfils her mother's dying wish : Ambreen Raja -- The train at Pul Bangash : Rana Kamal Ud-Din and Owais Rana -- A Punjabi without roots : Alpana Kishore -- Hitler's dog : Rafay Alam -- Closing a chapter, starting another : Shiraz -- A Delhi that was only theirs : Mansoor Ahmad -- Children of animosity : Adan Ali -- Epilogue. | ||
| 650 | _a India -- History -- Partition, 1947 -- Personal narratives. Pakistan -- History -- 20th century -- Personal narratives. India. | ||
| 942 |
_2ddc _cBK |
||
| 999 |
_c16419 _d16419 |
||